00574 2200193 4500001002100000005001500021035002000036007000300056008004100059020002200100082001600122084002200138100002100160245005400181260007400235300004100309650000900350650002100359INLIS00000000000150220250924100949 a0010-0925000016ta250924 g 0 ind  a978 602 322 048 9 a633.8 (594) a633.8 (594) TRI a0 aTrisnawati, Yani1 aAyo Mengenal Rempah Nusantara /cTrisnawati, Yani aBogor :bPusat Perpustakaan dan Penyebaran Teknologi Pertanian,c2020 av, 48 hlm. :bilus, ;c15 cm x 21 cm 4aBuku 4aRempah Nusantara